| 000 | 00635nam a2200181Ia 4500 | ||
|---|---|---|---|
| 008 | 151202s9999||||xx |||||||||||||| ||und|| | ||
| 082 | _bPNVM-81856 | ||
| 100 | _aदेसाई रविंद्र. | ||
| 245 | _aप्रभावी भाषणकला. | ||
| 260 | _b"प्रफुल्लता प्रक ाशन,पुणे." | ||
| 260 | _c2011 | ||
| 300 | _a128 | ||
| 600 | _aदेसाई रविंद्र. | ||
| 630 | _aप्रभावी भाषणकला. | ||
| 700 | _aदेसाई रविंद्र. | ||
| 730 | _aप्रभावी भाषणकला. | ||
| 942 | _cBOOK | ||
| 999 |
_c1346464 _d1346461 |
||